[Event "Abakan Khakassia-ch"]
[Site "Abakan"]
[Date "2014.02.27"]
[Round "7"]
[White "Tokmashov, Maxim"]
[Black "Kaluga, Sergey"]
[Result "0-1"]
[WhiteElo "1954"]
[BlackElo "2215"]
[PlyCount "63"]
[EventDate "2014.02.22"]
[EventType "swiss"]
[EventRounds "9"]
[EventCountry "RUS"]
[SourceTitle "CBM 159 Extra"]
[Source "ChessBase"]
[SourceDate "2014.04.24"]
[SourceVersion "1"]
[SourceVersionDate "2014.04.24"]
[SourceQuality "1"]

1. d4 f5 2. e4 fxe4 3. Nc3 Nf6 4. Bg5 Nc6 5. d5 Ne5 6. Qd4 Nf7 7. Bxf6 exf6 8. Nxe4 Be7 9. Bd3 0-0 10. Ne2 f5 11. N4g3 g6 12. h4 Bf6 13. Qa4 Bxb2 14. Rb1 Bg7 15. h5 d6 16. Kf1 Ne5 17. Nf4 Nxd3 18. cxd3 Qf6 19. hxg6 hxg6 20. Re1 a6 21. Qc4 Qf7 22. Ne6 Bxe6 23. dxe6 Qe7 24. Ne2 c6 25. Nf4 Rf6 26. d4 d5 27. Qe2 Re8 28. g4 g5 29. gxf5 gxf4 30. Qh5 Rh6 31. Qxh6 Bxh6 32. Rxh6 0-1

[Event "Abaza op"]
[Site "Abaza"]
[Date "2009.07.21"]
[Round "5"]
[White "Chernyh, Pavel"]
[Black "Kaluga, Sergey"]
[Result "0-1"]
[WhiteElo "1921"]
[BlackElo "2222"]
[PlyCount "60"]
[EventDate "2009.07.17"]
[EventType "swiss"]
[EventRounds "9"]
[EventCountry "RUS"]
[SourceTitle "EXT 2012"]
[Source "ChessBase"]
[SourceDate "2011.11.24"]
[SourceVersion "1"]
[SourceVersionDate "2011.11.24"]
[SourceQuality "1"]

1. e4 c5 2. Nf3 Nc6 3. d4 cxd4 4. Nxd4 g6 5. Be3 Nf6 6. f3 Bg7 7. c4 0-0 8. Nc3 d6 9. Be2 Bd7 10. Qd2 Qa5 11. 0-0 Rfc8 12. Rac1 a6 13. g4 Rab8 14. g5 Ne8 15. f4 e6 16. h4 Ne7 17. Nb3 Qd8 18. Na4 Bxa4 19. Nd4 Bd7 20. h5 b5 21. hxg6 hxg6 22. Bg4 Rxc4 23. f5 exf5 24. Rxc4 bxc4 25. exf5 gxf5 26. Nxf5 Nxf5 27. Bxf5 Rxb2 28. Qd5 Qe7 29. Bc1 Bxf5 30. Rxf5 Qe1+ 0-1

[Event "Abaza op"]
[Site "Abaza"]
[Date "2009.07.17"]
[Round "1"]
[White "Kaluga, Sergey"]
[Black "Kuteneva, Galina Viktorovna"]
[Result "1-0"]
[WhiteElo "2222"]
[BlackElo "1932"]
[PlyCount "43"]
[EventDate "2009.07.17"]
[EventType "swiss"]
[EventRounds "9"]
[EventCountry "RUS"]
[SourceTitle "EXT 2012"]
[Source "ChessBase"]
[SourceDate "2011.11.24"]
[SourceVersion "1"]
[SourceVersionDate "2011.11.24"]
[SourceQuality "1"]

1. d4 Nf6 2. c4 c5 3. d5 d6 4. Nc3 g6 5. Nf3 Bg7 6. e4 0-0 7. Be2 Bg4 8. 0-0 Nbd7 9. h3 Bxf3 10. Bxf3 a6 11. Be2 Re8 12. Bg5 Qc7 13. f4 e6 14. dxe6 Rxe6 15. Bf3 Ree8 16. Qd3 Rab8 17. Rad1 b5 18. cxb5 c4 19. Qxd6 Qa7+ 20. Kh1 Nc5 21. Bxf6 Bxf6 22. Qxf6 1-0

[Event "Khakasia-ch"]
[Site "Abakan"]
[Date "2009.03.26"]
[Round "5"]
[White "Kaluga, Sergey"]
[Black "Trofimov, Nikita"]
[Result "1/2-1/2"]
[WhiteElo "2222"]
[BlackElo "2069"]
[PlyCount "76"]
[EventDate "2009.03.21"]
[EventType "tourn"]
[EventRounds "9"]
[EventCountry "RUS"]
[SourceTitle "EXT 2022"]
[Source "ChessBase"]
[SourceDate "2021.10.06"]
[SourceVersion "1"]
[SourceVersionDate "2021.10.06"]
[SourceQuality "1"]

1. c4 Nf6 2. Nc3 e6 3. e4 d5 4. e5 Ne4 5. d4 c5 6. Nxe4 dxe4 7. d5 f6 8. Ne2 Nd7 9. Bf4 fxe5 10. dxe6 exf4 11. exd7+ Bxd7 12. Nxf4 Qa5+ 13. Qd2 Qxd2+ 14. Kxd2 0-0-0 15. Re1 g6 16. Nd5 Bh6+ 17. Kc2 Rhf8 18. Kb3 Rde8 19. Nc3 Rxf2 20. Nxe4 Kc7 21. Nxf2 Rxe1 22. Bd3 Rxh1 23. Nxh1 Bc6 24. Bf1 Bf4 25. h3 Be3 26. Ng3 Kd6 27. Kc3 Ke5 28. Kd3 Bd4 29. b3 h5 30. Ne2 Be4+ 31. Kd2 h4 32. Nc1 g5 33. Nd3+ Kf5 34. b4 b6 35. b5 g4 36. Be2 g3 37. Bg4+ Kg5 38. Ne1 Kf4 1/2-1/2

[Event "Khakasia-ch"]
[Site "Abakan"]
[Date "2009.03.21"]
[Round "1"]
[White "Sambursky, Vladimir"]
[Black "Kaluga, Sergey"]
[Result "0-1"]
[WhiteElo "2244"]
[BlackElo "2222"]
[PlyCount "94"]
[EventDate "2009.03.21"]
[EventType "tourn"]
[EventRounds "9"]
[EventCountry "RUS"]
[SourceTitle "EXT 2022"]
[Source "ChessBase"]
[SourceDate "2021.10.06"]
[SourceVersion "1"]
[SourceVersionDate "2021.10.06"]
[SourceQuality "1"]

1. e4 e5 2. Nf3 Nc6 3. Bb5 Nf6 4. d3 d6 5. c3 Be7 6. 0-0 0-0 7. Nbd2 a6 8. Ba4 b5 9. Bc2 Bb7 10. Re1 Nd7 11. d4 Bf6 12. Nf1 g6 13. Bh6 Bg7 14. Bxg7 Kxg7 15. Ne3 Re8 16. Qd2 Nf6 17. d5 Nb8 18. a4 Nbd7 19. b4 c6 20. c4 bxa4 21. Rxa4 c5 22. Rb1 h6 23. Nh4 Rh8 24. g3 Qc7 25. b5 Kh7 26. Bd3 axb5 27. Rxa8 Rxa8 28. cxb5 Nb6 29. Qc2 Bc8 30. Nf3 Bh3 31. Nd2 Nfd7 32. f3 h5 33. Kf2 Qd8 34. Qb2 Ra4 35. Ra1 c4 36. Bxc4 Nc5 37. Rxa4 Nxc4 38. Qa1 Nxd2 39. Ra8 Qf6 40. f4 Ndb3 41. Qd1 exf4 42. Nc4 Nxe4+ 43. Kg1 fxg3 44. Qe1 Nbd2 45. Nxd2 Nxd2 46. Ra3 Nf3+ 47. Rxf3 Qxf3 0-1

[Event "Abaza op"]
[Site "Abaza"]
[Date "2008.07.20"]
[Round "4"]
[White "Kaluga, Sergey"]
[Black "Golovina, Darya"]
[Result "1-0"]
[WhiteElo "2215"]
[BlackElo "1755"]
[PlyCount "53"]
[EventDate "2008.07.20"]
[EventType "swiss"]
[EventRounds "9"]
[EventCountry "RUS"]
[SourceTitle "EXT 2022"]
[Source "ChessBase"]
[SourceDate "2021.10.06"]
[SourceVersion "1"]
[SourceVersionDate "2021.10.06"]
[SourceQuality "1"]

1. Nf3 d5 2. c4 c6 3. b3 Bf5 4. e3 e6 5. Bb2 Nf6 6. Be2 Be7 7. 0-0 0-0 8. Nh4 Bxb1 9. Rxb1 Nbd7 10. Nf3 Nc5 11. Qc2 a5 12. Ne5 Bd6 13. f4 Rc8 14. Rf3 dxc4 15. bxc4 Qe7 16. Rh3 h6 17. g4 Bxe5 18. Bxe5 Nfd7 19. Bb2 e5 20. fxe5 Nxe5 21. d4 Nxg4 22. Bxg4 Ne6 23. Rg3 Rcd8 24. Qe4 Qd7 25. d5 Ng5 26. Bxd7 Nxe4 27. Rxg7+ 1-0

[Event "Sibiria Region-ch"]
[Site "Novokuznetsk"]
[Date "2008.03.19"]
[Round "7"]
[White "Kaluga, Sergey"]
[Black "Pakhomov, Egor"]
[Result "1-0"]
[WhiteElo "2227"]
[BlackElo "2100"]
[PlyCount "141"]
[EventDate "2008.03.13"]
[EventType "swiss"]
[EventRounds "9"]
[EventCountry "RUS"]
[SourceTitle "CBM 123 Extra"]
[Source "ChessBase"]
[SourceDate "2008.05.06"]
[SourceVersion "1"]
[SourceVersionDate "2008.05.06"]
[SourceQuality "1"]

1. d4 Nf6 2. c4 g6 3. Nc3 Bg7 4. e4 d6 5. Be2 0-0 6. Bg5 c6 7. f4 Qb6 8. Qd2 Nbd7 9. Nf3 e5 10. c5 Qa5 11. cxd6 exd4 12. Nxd4 Nxe4 13. Nxe4 Qxd2+ 14. Kxd2 Bxd4 15. Be7 Re8 16. Bc4 h6 17. Rae1 Kg7 18. Kc1 b5 19. Bb3 Bb7 20. Re2 c5 21. Rd1 Bc6 22. g4 a5 23. g5 hxg5 24. Nxg5 Bf6 25. Bd5 Bxd5 26. Rxd5 Rac8 27. Rd1 Bd4 28. Nf3 Bf6 29. Ng5 Bd4 30. Nf3 Rc6 31. Nxd4 cxd4+ 32. Kd2 Rc4 33. Bf6+ Kxf6 34. Rxe8 Rc6 35. Ra8 a4 36. Re1 Rxd6 37. Rd8 b4 38. b3 axb3 39. axb3 Rd5 40. Ree8 Rd6 41. Re5 g5 42. Rxg5 Ke7 43. Rc8 Rh6 44. Rd5 Rxh2+ 45. Kc1 Rh1+ 46. Kb2 Ke6 47. Rxd4 Nf6 48. Rxb4 Nd5 49. Re4+ Kf6 50. Rc6+ Kg7 51. Rc5 Rh2+ 52. Ka3 Rd2 53. Rcc4 Rf2 54. Rcd4 Nc3 55. Re5 f6 56. Rc5 Rf3 57. f5 Kh6 58. Rg4 Kh5 59. Rg2 Ne4 60. Rc8 Rg3 61. Rh8+ Kg4 62. Rg8+ Kf4 63. R2xg3 Nxg3 64. Rxg3 Kxg3 65. b4 Kf4 66. b5 Ke5 67. Kb4 Kd5 68. Ka5 Kd6 69. b6 Kd7 70. Ka6 Kc8 71. Ka7 1-0

[Event "Abaza op"]
[Site "Abaza"]
[Date "2007.07.??"]
[Round "7"]
[White "Kaluga, Sergey"]
[Black "Kozlitin, Roman"]
[Result "1-0"]
[WhiteElo "2193"]
[BlackElo "2238"]
[PlyCount "87"]
[EventDate "2007.07.16"]
[EventType "swiss"]
[EventRounds "9"]
[EventCountry "RUS"]
[SourceTitle "EXT 2022"]
[Source "ChessBase"]
[SourceDate "2021.10.06"]
[SourceVersion "1"]
[SourceVersionDate "2021.10.06"]
[SourceQuality "1"]

1. d4 Nf6 2. c4 e6 3. Nc3 d5 4. cxd5 exd5 5. Bg5 Be7 6. e3 h6 7. Bh4 0-0 8. Bd3 b6 9. Nge2 Bb7 10. f3 c5 11. 0-0 Nbd7 12. Bf2 Re8 13. Ng3 a6 14. Rc1 Bf8 15. Qd2 b5 16. dxc5 Bxc5 17. Nce2 Qb6 18. Nd4 Ne5 19. b3 Nxd3 20. Qxd3 Rac8 21. Rfd1 Qa5 22. Rc2 Ba3 23. Be1 b4 24. Ngf5 Qb6 25. Bf2 a5 26. Qd2 Qa6 27. Rxc8 Bxc8 28. Ng3 Bd7 29. Qe2 Qxe2 30. Ngxe2 Rc8 31. Rd2 Bc1 32. Rc2 Rxc2 33. Nxc2 Bd2 34. Be1 Bf5 35. Bxd2 Bxc2 36. Nd4 Bb1 37. Nc6 Bxa2 38. Nxa5 Kf8 39. Bxb4+ Ke8 40. Bc3 Ng8 41. Kf2 f6 42. Ke2 Kd7 43. Kd2 Bb1 44. Bd4 1-0